000 00809cam a2200277 a 4500
001 517908
003 OSt
005 20161206134836.0
008 861204s1987 enkacf b 001 0 eng
010 _a 86030498
020 _a0080339336 :
020 _a0080339328
040 _aDLC
_cDLC
_dDLC
041 1 _aengrus
050 0 0 _aQA901
_b.L283 1987
082 0 0 _a532
_219
_bLAN 1987
100 1 _aLandau, L. D.; E.M. Lifshitz
_d1908-1968.
_98031
245 1 0 _aFluid Mechanics
_c
250 _a2nd Eng. ed., rev.
260 _aOxford, England ;
_bPergamon Press,
_c1987.
300 _axiii, 539 p.
_bill., ports. ;
_c26 cm.
504 _aIncludes bibliographical references and index.
650 0 _aFluid mechanics.
_98032
906 _a7
_bcbc
_corignew
_d1
_eocip
_f19
_gy-gencatlg
942 _2ddc
_cSLOAN
999 _c3599
_d3599